| 000 | 00545nam a2200193 i 4500 | ||
|---|---|---|---|
| 001 | bg | ||
| 245 | 0 | 0 |
_aŁożyska toczne CX = _bPrecision bearings / _cDelta Marketing. |
| 260 |
_aWarszawa : _b"Delta Marketing", _ccop. 2005. |
||
| 300 |
_a1023 s. : _bgł. tabele ; _c25 cm. |
||
| 500 | _aOpis wg okł. | ||
| 500 | _aTyt. równol.: "Precision bearings". | ||
| 650 | 9 | _aŁożyska toczne | |
| 655 | _aKatalogi | ||
| 040 | _cBPK | ||
| 041 | 0 |
_apol _beng |
|
| 080 | _a621.822(085.2) | ||
| 942 | _cKA | ||
| 008 | s pl f |000 0 pol | ||
| 999 |
_c35183 _d35183 |
||
| 856 |
_uhttp://koha.tu.koszalin.pl/cgi-bin/koha/opac-detail.pl?biblionumber=35183 _yKatalog online BPK |
||